Manažer. Čtvrtletník pro manažery Management změn

Z obsahu prílohy na tému manažment zmien. Manažér v procese zmien. Názory topmanažérov ako zvládnuť transformačné zmeny. Vodcovia a ich know-how, manažérska prax. Manažérske informačné systémy v českých podmienkach.

Na minha lista:
Detalhes bibliográficos
Formato: Capítulo de Livro
Idioma:tcheco
Assuntos:
Tags: Adicionar Tag
Sem tags, seja o primeiro a adicionar uma tag!

MARC

LEADER 00000naa a2200000 4500
001 r027210
005 20230922084507.7
041 0 |a cze 
044 |a CZ 
245 1 0 |a Manažer. Čtvrtletník pro manažery  |b Management změn 
520 |a Z obsahu prílohy na tému manažment zmien. Manažér v procese zmien. Názory topmanažérov ako zvládnuť transformačné zmeny. Vodcovia a ich know-how, manažérska prax. Manažérske informačné systémy v českých podmienkach. 
610 2 0 |a manažment 
610 2 0 |a lídri 
610 2 0 |a riadenie zmien 
610 2 0 |a zmeny organizačné 
610 2 0 |a manažéri 
610 2 0 |a riadenie vrcholové 
610 2 0 |a systémy informačné manažérske 
610 2 0 |a rozhodovanie